000 00478nam a2200181Ia 4500
003 OSt
005 20250829154247.0
008 Pun
037 _cTB
040 _aARTS
_cARTS
_bPun
041 _2Pun
_aPun
084 _aP 153L4
_qAL
100 _aਰਹਕੀਰਤ ਸਿੰਘ
_9819425
245 0 _aਭਾFਾ ਅਤੇ ਭਾFਾ ਵਿਗਿਆਨ
260 _c1974
942 _hP 153L4
_cTB
_2CC
_n0
999 _c376360
_d376360